00511nam a22001577a 450000500170000001000150001702000260003203500130005803700130007110000250008424500890010926000340019827000760023230000260030870000190033420150102122504.0 aENG-111310 a9789350098615c199.00 aEN-94842 bDBAD/PUB aClausewitz, Carl Von aEssential on war for business / cby Carl Von Clausewitz ; edited by Pritsikha Anil aGurgaonbHachette Book c2014 a4th/5th Floor, Corporate Center, Plot No.94, Sector 44bGurgaone122003 axv, 120p. c22cm(pbk) aPritsikha Anil